000 02454nam1a2200373 i 4500
001 RU\NLR\bibl\219872
005 20260531045734.0
035 _a(NLR Aleph) 000215945
090 _a1254319
_c1254319
100 _a20020117g20019999u y0rusy50 ca
101 0 _arus
102 _aRU
105 _aa |||||||||
200 1 _aРоссия: взгляд в будущее
_eЭксперим. учеб.-метод. пособие для студентов вузов, изучающих дисциплину "Отеч. история" по заоч. форме обучения
_fВалерий Ефремов, Георгий Ипполитов, Владимир Казаков и др.
_g[Под ред. засл. работника высш. шк. РФ, д.ист.н., проф., акад. акад. воен. наук В.В. Рыбникова]
_gМ-во образования Рос. Федерации, Моск. гос. ун-т сервиса. Самар. фил. Каф. "Гуманит. дисциплины" и др.
210 _aСамара
_cСамар. ун-т
_d2001
215 _d20
300 _aНа 185-й с. авт.: Ефремов В.Я. - к.п.н., доц., Ипполитов Г.М. - д.и.н., доц., чл.-корр. акад. воен. наук, Казаков В.Г. - к.ист.н., доц. и др.
300 _aВ надзаг. также: Акад. воен. наук, Содружество ученых Москвы и Поволжья
300 _aНа тит.л.: К 200-летию МВД России
463 0 _1001205015
463 0 _1001205016
607 _aСССР
_jРуководства, пособия и т.п. для высшей школы
_xИстория
_9912491
_3RU\NLR\auth\6613829
607 _aРоссия
_jУчебные издания для высшей школы
_xИстория
_91554184
_3RU\NLR\auth\66979780
686 _aТ3(2)я73
701 1 _aЕфремов
_bВ. Я.
_gВалерий Яковлевич
_4070
701 1 _aИпполитов
_bГ. М.
_gГеоргий Михайлович
_4070
701 1 _aКазаков
_bВ. Г.
_gВладимир Григорьевич
_4070
702 1 _4340
_8rus
_7ca
_aРыбников
_bВ. В.
_f1945-
_gВячеслав Викторович
_3RU\NLR\auth\7720327
_93395
801 0 _aRU
_bNLR
_c20020117
_gPSBO
801 1 _aRU
_bNLR
_c20020117
830 _aАвт. по кн.
852 _aNLR
_j2001-3/17732
942 _cBOOK